Southville International School and Colleges
Your cart is empty.
  • Cart
  • Lists
    Public lists Eva Luna New books Lux_list list_1
    Your lists Log in to create your own lists
  • Log in to your account
  • Your cookies
  • Search history
Southville International School and Colleges
  • Advanced search
  • Recent comments
  • Most popular
  • Libraries

Log in to your account

Log in with GOOGLE


If you do not have an external account, but do have a local account, you can still log in:

  1. Home
  2. MARC view: Medical pharmacology and therapeutics /
Normal view MARC view ISBD view

Medical pharmacology and therapeutics / (Record no. 13450)

[ view plain ]
MARC details
000 -LEADER
fixed length control field 00634nam a22002177a 4500
003 - CONTROL NUMBER IDENTIFIER
control field OSt
005 - DATE AND TIME OF LATEST TRANSACTION
control field 20140310182436.0
008 - FIXED-LENGTH DATA ELEMENTS--GENERAL INFORMATION
fixed length control field 130220t xxu||||| |||| 00| 0 eng d
020 ## - INTERNATIONAL STANDARD BOOK NUMBER
International Standard Book Number 9780702029912
050 ## - LIBRARY OF CONGRESS CALL NUMBER
Classification number RM 300
Item number .W198 2010
100 ## - MAIN ENTRY--PERSONAL NAME
Personal name Waller, Derek
9 (RLIN) 8283
245 ## - TITLE STATEMENT
Title Medical pharmacology and therapeutics /
Statement of responsibility, etc Derek G. Waller, Andrew G. Renwick and Keith Hillier
250 ## - EDITION STATEMENT
Edition statement 3rd ed.
260 ## - PUBLICATION, DISTRIBUTION, ETC. (IMPRINT)
Place of publication, distribution, etc Edinburgh :
Name of publisher, distributor, etc Elsevier Saunders,
Date of publication, distribution, etc c2010.
300 ## - PHYSICAL DESCRIPTION
Extent 734 p. :
Dimensions 27 cm.
Other physical details col. ill. ;
541 ## - IMMEDIATE SOURCE OF ACQUISITION NOTE
-- 1
562 ## - COPY AND VERSION IDENTIFICATION NOTE
Number of copies 1
650 ## - SUBJECT ADDED ENTRY--TOPICAL TERM
Topical term or geographic name as entry element Pharmacology
9 (RLIN) 7300
650 ## - SUBJECT ADDED ENTRY--TOPICAL TERM
Topical term or geographic name as entry element Therapeutics
9 (RLIN) 9104
942 ## - ADDED ENTRY ELEMENTS (KOHA)
Source of classification or shelving scheme Library of Congress Classification
Koha item type
Holdings
Withdrawn status Lost status Source of classification or shelving scheme Damaged status Home library Current library Shelving location Date acquired Total Checkouts Total Renewals Full call number Barcode Checked out Date last seen Date checked out Copy number Price effective from Koha item type
    Library of Congress Classification   South SEED-LPDH College Library South SEED-LPDH College Library South SEED-LPDH College Section 02/20/2013 5 21 RM 300 .W198 2010 SSLC0901 05/30/2020 02/28/2020 02/28/2020 1 11/06/2013 Books

Medical pharmacology and therapeutics /

APA

Waller D., . (2010). Medical pharmacology and therapeutics. Edinburgh: Elsevier Saunders.

Chicago

Waller Derek, . 2010. Medical pharmacology and therapeutics. Edinburgh: Elsevier Saunders.

Harvard

Waller D., . (2010). Medical pharmacology and therapeutics. Edinburgh: Elsevier Saunders.

MLA

Waller Derek, . Medical pharmacology and therapeutics. Edinburgh: Elsevier Saunders. 2010.

  • Place hold
  • Print
  • Cite
  • Add to your cart (remove)
  • Save record
    BIBTEX Dublin Core MARCXML MARC (non-Unicode/MARC-8) MARC (Unicode/UTF-8) MARC (Unicode/UTF-8, Standard) MODS (XML) RIS
  • More searches
    Search for this title in:
    Other Libraries (WorldCat) Other Databases (Google Scholar) Online Stores (Bookfinder.com) Open Library (openlibrary.org)

Exporting to Dublin Core...

SOUTHVILLE LIBRARY

Southville International School and Colleges Library

1281 Tropical Ave. Cor. Luxembourg St., BF Homes International, Las Pinas City

Tel. No. 8256374 / 252358 Loc. 117/146

Powered by Koha